<?xml version="1.0" encoding="UTF-8"?>
<record
    xmlns:xsi="http://www.w3.org/2001/XMLSchema-instance"
    xsi:schemaLocation="http://www.loc.gov/MARC21/slim http://www.loc.gov/standards/marcxml/schema/MARC21slim.xsd"
    xmlns="http://www.loc.gov/MARC21/slim">

  <leader>01312nam a22001577a 4500</leader>
  <datafield tag="999" ind1=" " ind2=" ">
    <subfield code="c">518223</subfield>
    <subfield code="d">518223</subfield>
  </datafield>
  <controlfield tag="008">210830b           ||||| |||| 00| 0 eng d</controlfield>
  <datafield tag="100" ind1=" " ind2=" ">
    <subfield code="a">Banerjee, A., Chevillon, G. and Kratz, M. </subfield>
    <subfield code="9">28681</subfield>
  </datafield>
  <datafield tag="245" ind1=" " ind2=" ">
    <subfield code="a">Probabilistic forecasting of bubbles and flash crashes </subfield>
  </datafield>
  <datafield tag="260" ind1=" " ind2=" ">
    <subfield code="a">The Econometrics Journal  </subfield>
  </datafield>
  <datafield tag="300" ind1=" " ind2=" ">
    <subfield code="a">23(2), May, 2020: p.297-315</subfield>
  </datafield>
  <datafield tag="520" ind1=" " ind2=" ">
    <subfield code="a">We propose a near-explosive random coefficient autoregressive model (NERC) to obtain predictive probabilities of the apparition and devolution of bubbles. The distribution of the autoregressive coefficient of this model is allowed to be centred at an O(T&#x2212;&#x3B1;) distance of unity, with &#x3B1; &#x2208; (0, 1). When the expectation of the autoregressive coefficient lies on the explosive side of unity, the NERC helps to model the temporary explosiveness of time series and obtain related predictive probabilities. We study the asymptotic properties of the NERC and provide a procedure for inference on the parameters. In empirical illustrations, we estimate predictive probabilities of bubbles or flash crashes in financial asset prices. &#x2013; Reproduced </subfield>
  </datafield>
  <datafield tag="650" ind1=" " ind2=" ">
    <subfield code="a">Random coefficient overaggressive model, Local asymptotic, Predictive dentistry, Bubbles, Flash crashes   </subfield>
    <subfield code="9">27137</subfield>
  </datafield>
  <datafield tag="773" ind1=" " ind2=" ">
    <subfield code="a">The Econometrics Journal </subfield>
  </datafield>
  <datafield tag="906" ind1=" " ind2=" ">
    <subfield code="a">ECONOMICS</subfield>
  </datafield>
  <datafield tag="942" ind1=" " ind2=" ">
    <subfield code="c">AR</subfield>
  </datafield>
  <datafield tag="952" ind1=" " ind2=" ">
    <subfield code="0">0</subfield>
    <subfield code="1">0</subfield>
    <subfield code="2">ddc</subfield>
    <subfield code="4">0</subfield>
    <subfield code="7">0</subfield>
    <subfield code="9">392288</subfield>
    <subfield code="a">IIPA</subfield>
    <subfield code="b">IIPA</subfield>
    <subfield code="d">2021-08-30</subfield>
    <subfield code="h">23(2), May, 2020: p.297-315</subfield>
    <subfield code="p">AR125408</subfield>
    <subfield code="r">2021-08-30</subfield>
    <subfield code="y">AR</subfield>
  </datafield>
</record>
